000 01076cam a22003377a 4500
003 CHAP
005 20220817043130.0
008 971013s1984 r 00010 d
010 _a66449
011 _a67421
035 _a76891
040 _cCHAP
082 _a335.4
_bC2
100 0 0 _aLabastida, Jaime.
_964270
245 1 4 _aLas condiciones de la producción de conceptos en el campo del marxismo
260 _aPuebla, Pue. :
_bUAP. Escuela de Filosofía y Letras,
_c1984
300 _app. 15-21
490 0 _aDialéctica 8 (14-15): 1983-84)
500 _a28-59
501 _aEnc. con otros impresos similares
590 _aBATCH-UPD
_b10
_c20130110
_lUCH01
_h0052
590 _aBATCH-UPD
_b10
_c20130110
_lUCH01
_h1840
590 _aBATCH-UPD
_b10
_c20130410
_lUCH01
_h1211
590 _aBATCH-UPD
_b10
_c20130914
_lUCH01
_h1711
590 _aCONVERSION
_b10
_c20130109
_lUCH01
_h1337
650 1 4 _aMarxismo.
_972728
830 0 _aDialéctica 8 (14-15): 1983-84)
901 _aBK
942 _cLIBRO
949 _a335.4 C2
_bBC
_cLIBRO
_d-29748
_eLIBRO
_h66431
_i76891
_mD
_si
999 _c66449
_d66449